Sports Quiz

Random Sports or WWE Quiz
Score 0/74 Timer 10:00
0 Plays Today
Name Roster % Correct
SuperstarsJohn Cena
87.3%
NXTAdrian Neville
82.8%
DivasAJ Lee
82.4%
Hulkamania EditionHulk Hogan
80.6%
LegendTriple H
79.7%
SuperstarsThe Big Show
79.6%
SuperstarsKane
78.7%
DivasBrie Bella
78.4%
SuperstarsDean Ambrose
77.8%
SuperstarsRandy Orton
77.8%
DivasNikki Bella
77.6%
SuperstarsSeth Rollins
77.6%
SuperstarsRoman Reigns
77.3%
NXTAlexander Rusev
77.1%
SuperstarsThe Undertaker
76.7%
SuperstarsAlberto Del Rio
74.5%
SuperstarsCM Punk
74.3%
SuperstarsBig E
73.3%
SuperstarsBray Wyatt
73%
LegendThe Rock
72.6%
SuperstarsBrock Lesnar
72.4%
SuperstarsBatista
71.3%
LegendShawn Michaels
71%
SuperstarsKofi Kingston
70.7%
NXTSami Zayn
70.1%
SuperstarsCesaro
69.7%
NXTBo Dallas
69.2%
SuperstarsLuke Harper
68.8%
SuperstarsErick Rowan
68.7%
LegendSteve Austin
68.2%
SuperstarsDaniel Bryan
68.1%
ManagerPaul Heyman
67.6%
SuperstarsXavier Woods
67.2%
SuperstarsCody Rhodes
65.7%
Pre-Order SpecialSting
65.7%
SuperstarsDolph Ziggler
65.3%
SuperstarsJey Uso
64.9%
Name Roster % Correct
SuperstarsJimmy Uso
64.9%
SuperstarsChris Jericho
64.4%
SuperstarsThe Miz
63.8%
SuperstarsMark Henry
63.4%
DivasNatalya
62.8%
SuperstarsJack Swagger
62.5%
DivasNaomi
62.4%
SuperstarsGoldust
61.5%
SuperstarsRyback
61.2%
SuperstarsBad News Barrett
60.6%
SuperstarsRey Mysterio
60.1%
SuperstarsSheamus
59.9%
DivasCameron
59.8%
NXTCorey Graves
58.6%
LegendRic Flair
57.9%
LegendThe Ultimate Warrior
57.9%
SuperstarsDarren Young
57.7%
SuperstarsTyson Kidd
57.1%
SuperstarsDamien Sandow
56.6%
SuperstarsTitus O'Neil
56%
SuperstarsR-Truth
55.1%
LegendBooker T
54.8%
SuperstarsCurtis Axel
54.5%
SuperstarsFandango
54.1%
SuperstarsRob Van Dam
53.9%
DivasSummer Rae
53.9%
NXT/ManagerWilliam Regal
52.8%
ManagerZeb Colter
51.2%
DivasLana
51%
LegendKevin Nash
50.7%
DivasTamina
50.4%
SuperstarsJustin Gabriel
48.3%
SuperstarsSantino Marella
40.8%
ManagerVickie Guerrero
37.9%
ManagerRicardo Rodriguez
30.6%
NXT/ManagerBill DeMott
28.1%
ManagerJohn Laurinaitis
23.9%
Remove Ads.
Support Sporcle.
Get the best of Sporcle when you Go Orange. This ad-free experience offers more features, more stats, and more fun while also helping to support Sporcle. Thank you for becoming a member.

You're not logged in!

Compare scores with friends on all Sporcle quizzes.
OR
Log In

Show Comments

Extras

Created Dec 27, 2014ReportNominate
Tags:WWE Quiz, full, Roster

Top Quizzes Today


Score Distribution

Your Account Isn't Verified!

In order to create a playlist on Sporcle, you need to verify the email address you used during registration. Go to your Sporcle Settings to finish the process.

Report this User

Report this user for behavior that violates our Community Guidelines.

Details: